Las siete tragedias de Eschylo / (Record no. 102860)

MARC details
000 -LEADER
campo de control de longitud fija 00912nam a22002295i 4500
001 - NÚMERO DE CONTROL
campo de control 102860
003 - IDENTIFICADOR DE NÚMERO DE CONTROL
campo de control ES-MaACL
005 - FECHA Y HORA DE LA ÚLTIMA TRANSACCIÓN
campo de control 20230906183212.0
007 - CAMPO FIJO DE DESCRIPCIÓN FÍSICA--INFORMACIÓN GENERAL
campo de control de longitud fija t|
008 - DATOS DE LONGITUD FIJA--INFORMACIÓN GENERAL
campo de control de longitud fija 940301s1880 sp ||||1| spa d
040 ## - FUENTE DE CATALOGACIÓN
Centro catalogador/agencia de origen AS
Lengua de catalogación spa
100 1# - ENTRADA PRINCIPAL--NOMBRE DE PERSONA
Nombre de persona Esquilo.
9 (RLIN) 47970
245 14 - MENCIÓN DEL TÍTULO
Título Las siete tragedias de Eschylo /
Mención de responsabilidad, etc. puestas del griego en lengua castellana, con notas y una introducción por Fernando Segundo Brieva Salvatierra ...
260 ## - PUBLICACIÓN, DISTRIBUCIÓN, ETC.
Lugar de publicación, distribución, etc. Madrid :
Nombre del editor, distribuidor, etc. Luis Navarro,
Fecha de publicación, distribución, etc. 1880 (
Fabricante Imp. Central á cargo de V. Sáiz)
300 ## - DESCRIPCIÓN FÍSICA
Extensión CXVII, 523 p. ;
Dimensiones 19 cm.
490 1# - MENCIÓN DE SERIE
Mención de serie Biblioteca clásica ;
Designación de volumen o secuencia 32
505 8# - NOTA DE CONTENIDO CON FORMATO
Nota de contenido con formato Contiene : Prometeo encadenado ; Los siete contra Tebas ; Los persas ; Agamenón ; Las coéforas ; Las euménides ; Las suplicantes
700 1# - ENTRADA AGREGADA--NOMBRE PERSONAL
Nombre de persona Brieva Salvatierra, Fernando Segundo.
9 (RLIN) 31712
830 0# - PUNTO DE ACCESO ADICIONAL DE SERIE-TÍTULO UNIFORME
Título uniforme Biblioteca clásica ;
Designación de volumen o secuencia 32
9 (RLIN) 180370
852 ## - LOCALIZACIÓN
Ubicación ES-MaACL
Número de control de estantería F-13077
Holdings
Estatus retirado Estado de pérdida Estado de daño No para préstamo Colección Biblioteca de origen Biblioteca actual Ubicación en estantería Fecha de adquisición Fuente de adquisición Total de préstamos Signatura topográfica completa Código de barras Visto por última vez Precio de reemplazo Tipo de ítem Koha
        Libros del s. XIX Biblioteca del Ateneo de Madrid Biblioteca del Ateneo de Madrid Sala Pecera Planta 2 17/01/2008     F-13077 1107384 23/02/2023 23/02/2023 Libro impreso antiguo